Разработка информационной системы учета и анализа учебной деятельности автошколы "Магистраль Авто"; Прогрессивные технологии и экономика в машиностроении

Opis bibliograficzny
Parent link:Прогрессивные технологии и экономика в машиностроении.— 2015.— [С. 232-234]
1. autor: Корольков Ю. В.
Korporacja: Национальный исследовательский Томский политехнический университет (ТПУ) Юргинский технологический институт (филиал) (ЮТИ) Кафедра информационных систем (ИС)
Kolejni autorzy: Маслов А. В. Анатолий Викторович (научный руководитель)
Streszczenie:Заглавие с экрана
Język:rosyjski
Wydane: 2015
Seria:Автоматизация и информатизация на производстве и в образовательном процессе
Hasła przedmiotowe:
Dostęp online:http://earchive.tpu.ru/handle/11683/17974
http://www.lib.tpu.ru/fulltext/c/2015/C57/096.pdf
Format: Elektroniczne Rozdział
KOHA link:https://koha.lib.tpu.ru/cgi-bin/koha/opac-detail.pl?biblionumber=611785

MARC

LEADER 00000naa2a2200000 4500
001 611785
005 20260416141040.0
035 |a (RuTPU)RU\TPU\conf\9632 
035 |a RU\TPU\conf\9630 
090 |a 611785 
100 |a 20150421d2015 k y0rusy50 ca 
101 0 |a rus 
102 |a RU 
135 |a drgn ---uucaa 
181 0 |a i  
182 0 |a b 
200 1 |a Разработка информационной системы учета и анализа учебной деятельности автошколы "Магистраль Авто"  |f Ю. В. Корольков  |g науч. рук. А. В. Маслов 
203 |a Текст  |c электронный 
215 |a 1 файл(407 Кб) 
225 1 |a Автоматизация и информатизация на производстве и в образовательном процессе 
300 |a Заглавие с экрана 
320 |a [Библиогр.: с. 234 (4 назв.)] 
337 |a Adobe Reader 
463 1 |0 (RuTPU)RU\TPU\conf\9525  |t Прогрессивные технологии и экономика в машиностроении  |o сборник трудов VI Всероссийской научно-практической конференции для студентов и учащейся молодежи, 9-11 апреля 2015 г., Юрга  |f Национальный исследовательский Томский политехнический университет (ТПУ), Юргинский технологический институт (ЮТИ) ; под ред. Д. А. Чинахова  |v [С. 232-234]  |d 2015 
610 1 |a электронный ресурс 
610 1 |a труды учёных ТПУ 
610 1 |a информационные системы 
610 1 |a учебная деятельность 
610 1 |a дорожное движение 
610 1 |a образовательные услуги 
700 1 |a Корольков  |b Ю. В. 
702 1 |a Маслов  |b А. В.  |c российский учёный в области информационных систем  |c доцент Юргинского технологического института(филиал) Томского политехнического университета  |g Анатолий Викторович  |4 727 
712 0 2 |a Национальный исследовательский Томский политехнический университет (ТПУ)  |b Юргинский технологический институт (филиал) (ЮТИ)  |b Кафедра информационных систем (ИС)  |3 (RuTPU)RU\TPU\col\18893 
801 1 |a RU  |b 63413507  |c 20101016 
801 2 |a RU  |b 63413507  |c 20210212  |g RCR 
856 4 |u http://earchive.tpu.ru/handle/11683/17974 
856 4 |u http://www.lib.tpu.ru/fulltext/c/2015/C57/096.pdf 
942 |c BK